<?xml version="1.0" encoding="UTF-8"?>
<record
    xmlns:xsi="http://www.w3.org/2001/XMLSchema-instance"
    xsi:schemaLocation="http://www.loc.gov/MARC21/slim http://www.loc.gov/standards/marcxml/schema/MARC21slim.xsd"
    xmlns="http://www.loc.gov/MARC21/slim">

  <leader>01041nam a22001817a 4500</leader>
  <controlfield tag="003">IT-RoPau</controlfield>
  <controlfield tag="005">20220918175936.0</controlfield>
  <controlfield tag="008">121207b        xxu||||| |||| 00| 0 eng d</controlfield>
  <datafield tag="040" ind1=" " ind2=" ">
    <subfield code="c">IT-RoPau</subfield>
  </datafield>
  <datafield tag="100" ind1=" " ind2=" ">
    <subfield code="a">Alberione Giacomo</subfield>
    <subfield code="q">Fondatore Famiglia Paolina</subfield>
    <subfield code="9">19</subfield>
  </datafield>
  <datafield tag="245" ind1=" " ind2=" ">
    <subfield code="a">Don Alberione al Concilio Vaticano II.</subfield>
    <subfield code="b">Proposte, interventi e "Appunti" </subfield>
  </datafield>
  <datafield tag="250" ind1=" " ind2=" ">
    <subfield code="a">I</subfield>
  </datafield>
  <datafield tag="260" ind1=" " ind2=" ">
    <subfield code="a">Roma</subfield>
    <subfield code="b">SSP</subfield>
    <subfield code="c">1994</subfield>
  </datafield>
  <datafield tag="300" ind1=" " ind2=" ">
    <subfield code="a">239 p.</subfield>
    <subfield code="c">21,2 cm</subfield>
  </datafield>
  <datafield tag="490" ind1=" " ind2=" ">
    <subfield code="a">Edizioni Archivio Storico Generale della Famiglia Paolina</subfield>
    <subfield code="v">I</subfield>
  </datafield>
  <datafield tag="520" ind1=" " ind2=" ">
    <subfield code="a">INDICE GENERALE

Presentazione
Premessa
Introduzione
Abbreviazioni e sigle

Parte I . PROPOSTE
Parte II. INTERVENTI
I quattro periodi del Concilio e i documenti promulgati
A. Osservazioni presentate per scritto da Don Alberione
     durante il Concilio:
B. Osservazioni richieste e fatte collettivamente da 
      pi&#xF9; Padri, tra cui Don Alberione

DOCUMENTI

APPENDICI
I. Appunti per il Concilio Vaticano II 
- Introduzione 
II. Come Don Alberione ha vissuto il Concilio

- Nota bibliografica

INDICI </subfield>
  </datafield>
  <datafield tag="942" ind1=" " ind2=" ">
    <subfield code="2">ddc</subfield>
    <subfield code="c">BK</subfield>
  </datafield>
  <datafield tag="999" ind1=" " ind2=" ">
    <subfield code="c">37623</subfield>
    <subfield code="d">37623</subfield>
  </datafield>
  <datafield tag="952" ind1=" " ind2=" ">
    <subfield code="0">0</subfield>
    <subfield code="1">0</subfield>
    <subfield code="2">ddc</subfield>
    <subfield code="4">0</subfield>
    <subfield code="6">P_A6</subfield>
    <subfield code="7">1</subfield>
    <subfield code="a">PAULUS</subfield>
    <subfield code="b">PAULUS</subfield>
    <subfield code="d">2012-12-07</subfield>
    <subfield code="l">0</subfield>
    <subfield code="o">P A6</subfield>
    <subfield code="r">2012-12-07 00:00:00</subfield>
    <subfield code="w">2012-12-07</subfield>
    <subfield code="y">BK</subfield>
  </datafield>
  <datafield tag="952" ind1=" " ind2=" ">
    <subfield code="0">0</subfield>
    <subfield code="1">0</subfield>
    <subfield code="2">ddc</subfield>
    <subfield code="4">0</subfield>
    <subfield code="6">P_A6</subfield>
    <subfield code="7">1</subfield>
    <subfield code="a">PAULUS</subfield>
    <subfield code="b">PAULUS</subfield>
    <subfield code="d">2013-11-18</subfield>
    <subfield code="l">0</subfield>
    <subfield code="o">P A6</subfield>
    <subfield code="r">2013-11-18 00:00:00</subfield>
    <subfield code="w">2013-11-18</subfield>
    <subfield code="y">BK</subfield>
  </datafield>
</record>
